000 00427nmm a2200157Ia 4500
008 251105s9999||||xx |||||||||||||||||und||
041 _aspa
100 _aGoncourt, Edmond de
245 0 _aLos hermanos Zemganno
264 _a[Madrid, España] :
_bLinkgua,
_c2017
300 _a119 páginas
490 _aNarrativa
650 _aFrench narrative
856 _uhttps://public.digitaliapublishing.com/a/55234
942 _cCF
999 _c100128
_d100128